Statistics for Geography Acronyms Quiz

Click here to take the quiz!

General Stats

  • This quiz has been taken 516 times
  • The average score is 39 of 56

Answer Stats

AcronymWord% Correct
USA, UAEUnited
100%
USAAmerica
97%
USAStates
97%
NYCNew
96%
NYCYork
96%
NYC, HCMCCity
95%
LALos
95%
EU, USSRUnion
95%
LAAngeles
94%
EUEuropean
93%
UAEArab
92%
UAEEmirates
91%
FIFAFootball
88%
USSRSoviet
87%
BBCBritish
86%
GBGreat
86%
GBBritain
84%
NASASpace
84%
FIFAAssociation
80%
NASANational
80%
PRCRepublic
80%
USSRRepublics
80%
BBCBroadcasting
79%
WTOWorld
79%
NATONorth
77%
NATO, WTOOrganization
77%
NATOAtlantic
73%
PMPrime
73%
FIFAInternationale
72%
PMMinister
72%
VPPresident
69%
WTOTrade
69%
NATOTreaty
69%
VPVice
69%
HCMCChi
66%
USSRSocialist
65%
MITTechnology
64%
BBCCorporation
62%
HCMCHo
61%
GPSSystem
61%
MITInstitute
59%
MITMassachusetts
57%
FIFAFédération
56%
HCMCMinh
56%
GPSPositioning
55%
GPSGlobal
53%
PRCChina
51%
PRCPeople's
51%
BMWMotoren
49%
NASAAeronautics
43%
BMWBayerische
35%
BMWWerke
32%
NASAAdministration
30%
BSBSeri
5%
BSBBandar
4%
BSBBegawan
4%

Score Distribution

Percentile by Number Answered

Percent of People with Each Score

Your Score History

You have not taken this quiz